00485nam a2200169Ia 4500003000400000008004100004040001600045082001800061100003000079245005600109260005500165300001100220490000500231650002800236650002800264650002300292GCL140319s9999 xx 000 0 ara d aGCL / cGCL04a81.008bا ا1 aابراهيم طعيمة10aاغانى الوهم / cابراهيم طعيمة a[S.N] : bدار الشباب للنشر ، c1986 a303 ص a04aالشعر العربى04aالادب العربى04aالمجموعات